عرض عادي
عرض مارك
- Swan, Michael,
مدخل إسم شخص
001 - رقم الضبط
- حقل الضبط: 57084
003 - معرف رقم الضبط
- حقل الضبط: OSt
005 - تاريخ ووقت أخر عملية
- حقل الضبط: 20161205094601.0
008 - عناصر بيانات ثابتة الطول
- حقل تحكم ثابت الطول: 161205|| aca||aabn | a|a d
040 ## - مصدر الفهرسة
- هيئة الفهرسة الأصلية: OSt
- وكالة الكتابة: OSt
100 ## - مدخل -- أسم شخص
- إسم شخص: Swan, Michael,
- تواريخ مرتبطة بالاسم: 1936-
670 ## - بيانات المصدر موجوده
- الاستشهاد بالمصدر: Work cat.: (OSt)0: Swan, Michael, 1936-, Grammar /, 2005.
